| 000 | 005450000a22001810004500 | ||
|---|---|---|---|
| 003 | MACL | ||
| 005 | 20160213112329.0 | ||
| 008 | 160213b xxu||||| |||| 00| 0 eng d | ||
| 040 |
_aMACL _cMACL |
||
| 041 | _aHindi | ||
| 082 | _a320 | ||
| 100 |
_aअग्रवाल श्री वासुदेवशरण _938097 |
||
| 245 | _aभारत की मौलिक एकता | ||
| 260 |
_bभारती भंडार _aइलाहाबाद |
||
| 350 | _a4 | ||
| 650 |
_aPolitical Science _938098 |
||
| 942 |
_cHIN _k320 _2ddc |
||
| 999 |
_c24267 _d24267 |
||